000 00826nam a22002177a 4500
003 OSt
005 20260310033526.0
008 260310b |||||||| |||| 00| 0 eng d
020 _a978-0-448-09514-1
040 _aDWCL GS lib
_cOC
082 _2K26n 1970
100 _aCAROLYN KEENE
245 _aNancy Drew mystery stories 14
_bthe whispering statue
_cCAROLYN KEENE
260 _aNew York
_bGrosset & Dunlap
_c1970
300 _avii, 179 pages:
_billustrations
_c19 cm.
520 _aNancy Drew investigates a stolen marble statue that “whispers” and looks like her while also uncovering a dishonest art dealer’s schemes.
546 _aEnglish
650 _2Courage and Bravery, Responsibility and Diligence
650 _2Honesty and Integrity, Perseverance and Problem-Solving
942 _2ddc
_cFIC.
_hFic.
_n0
999 _c8846
_d8846